000 00653nam a22002537a 4500
003 UA-OsUOA
001 26719
007 ta
008 20040608b un ||||| |||| 00| 0 ukr d
100 _aВолков Е.А.
700 _aНиконова Л.Г
090 _a62
_bВ67
942 _cBK
040 _aUA-OsUOA
_brus
_cUA-OsUOA
_dUA-OsUOA
245 _aЭкономическая эффективность автоматизированного управления
300 _a158 с.
955 _a0
041 _arus
080 _a62
260 _aМосква
_bМысль
_c1987
044 _aRU
650 7 _2UDC
999 _c313047
_d313047